000 03853njm a2200541Ia 4500
001 D0112
003 IT-RoPAU
005 20220918181112.0
008 131025s9999 xx 000 0 und d
040 _aIT-RoPAU
040 _cIT-RoPAU
999 _c99103
_d99103
999 _bn.d.
100 _aAA.VV.
_9794
100 _eAutore musica
_930603
100 _gCodice autore musica SPICS: 12000
_9796
245 _aBird & the Trumpets
250 _a2a ed.
260 _aMILANO
260 _bRUSCONI
_c1995 [1a Ed.:0]
300 _aCOMPACT DISC
300 _c75 minuti (Testo: 0 pag.)
500 _aMusica jazz. Cd fuori commercio allegato al n. 3 1995 della rivista "Musica jazz".
505 _aShaw 'Nuff (5:99) - Groovin' High [(Los Angeles, 29 dicembre 1945) (6:00)] - Hot House [(New York, 13 settembre 1947) (6:00)] - On A Slot Boat To China (6:00) - Salt Peanuts [(New York, Waldorf Astoria Hotel 11 o 12 dicembre 1948) (4:00)] - Barbados [(New York, 5 marzo 1949) (4:00)] - Just Friends [(New York, 1950) (4:00)] - April In Paris [(New York, 1950) (4:00)] - Ornithology (5:00) - Bird of Paradise (7:00) - Koko [(New York, 24 dicembre 1949) (6:00)] - Out of Nowhere (7:00) - Move [(New York, maggio o giugno 1950) (7:00)] - Indiana [(Englewood, 16 giugno 1952) (12:00)]
511 _aGillespie Dizzy: tr; Parker Charlie: alto; Haig Al: p; Brown Ray: cb; Levey Stan: batt; Dizzy Gillespie e Charlie Parker Quintet
511 _aGillespie Dizzy: tr; Parker Charlie: alto; La Porta John: cl; Tristano Lennie: p; Bauer Billy: chit; Brown Ray: cb; Roach Max: batt; Barry Ulanov's All Star Modern Jazz Musicians
511 _aDorham Kenny: tr; Parker Charlie: alto; Thompson Lucky: ten; Haig Al: p; Potter Tommy: cb; Roach Max: batt; Charlie Parker Sextet
511 _aDorham Kenny: tr; Parker Charlie: alto; Haig Al: p; Potter Tommy: cb; Haynes Roy: batt; Charlie Parker Quintet
511 _aRodney Red: tr; Parker Charlie: alto; Haig Al: p; Potter Tommy: cb; Heaynes Roy: batt; Charlie Parker Quintet
511 _aNavarro Fats: tr; Parker Charlie: alto; Powell Bud: p; Russell Curley: cb; Blakey Art: batt
511 _aBaker Chet: tr; Criss Sonny: alto; Parker Charlie: alto; Freeman Russ: p; Babasin Harry: cb; Marable Lawrence: batt; Harry Babasin All Stars
650 _aJAZZ [COMPACT DISC]
_eCodice MATERIA SPICS: 9949
_911822
700 _aParker Charlie (B.)
_eInterprete
_gCodice interprete SPICS: 10799
_930604
700 _aGillespie Dizzy
_eAutore musica
_gCodice autore musica SPICS: 10777
_pShaw 'Nuff - Groovin' High - Salt Peanuts
_930605
700 _aDameron Tadd
_eAutore musica
_gCodice autore musica SPICS: 10526
_pHot House
_930606
700 _aLoesser Frank
_eAutore musica
_gCodice autore musica SPICS: 15672
_pOn A Slot Boat To China
_930607
700 _aParker Charlie (B.)
_eAutore musica
_gCodice autore musica SPICS: 10799
_pBarbados - Ornithology - Bird of Paradise - Koko
_930608
700 _aLewis S.M.
_eAutore musica
_gCodice autore musica SPICS: 43278
_pJust Friends
_930609
700 _aKlenner J.
_eAutore
_gCodice autore SPICS: 43279
_pJust Friends
_930610
700 _aDuke Vernon
_eAutore musica
_gCodice autore musica SPICS: 16363
_pApril In Paris
_930611
700 _aHarburg E. Y.
_eAutore
_gCodice autore SPICS: 15671
_pApril In Paris
_930612
700 _aHarris Benny
_eAutore musica
_gCodice autore musica SPICS: 43280
_pOrnithology
_930613
700 _aGreen J.
_eAutore musica
_gCodice autore musica SPICS: 43281
_pOut of Nowhere
_930614
700 _aHeyman Edward
_eAutore
_gCodice autore SPICS: 15566
_pOut of Nowhere
_930615
700 _aBest Denzil
_eAutore musica
_gCodice autore musica SPICS: 24586
_pMove
_930616
700 _aHanley James F.
_eAutore musica
_gCodice autore musica SPICS: 33425
_pIndiana
_930617
700 _aMacDonald
_eAutore
_gCodice autore SPICS: 30294
_pIndiana
_930618
942 _cCD
_2ddc